000 00577nam a2200169 i 4500
001 18912
003 ES-MaACL
005 20230906151942.0
007 t|
008 020410s2001 mx ||||1| spa d
080 _a821.134.2(72)-14"19"
100 1 _aArnaiz Amigo, Aurora.
_923022
245 1 0 _aDiálogos imaginados
_b: León Felipe, Emilio Prados, Luis Cernuda : (tres poetas españoles en el exilio de México) /
_cAurora Arnaiz Amigo.
260 _a[México] :
_bCuadernos de la Búsqueda,
_c[2001]
300 _a106 p. ;
_c21 cm.
852 _aES-MaACL
_jL-25410
_bR.131576
999 _c18912
_d18912